00548nam a22002177a 4500003000500000005001700005008004100022010000900063011000900072035000900081040000900090082001500099110000800114245005400122260002300176300001800199490003000217650003200247700002100279830003000300CHAP20220817041146.0971013s1992 r 00010 d a7618 a8590 a7819 cCHAP a639.3bF76 aFAO aSimple economics and bookkeeping for fish farmers aRome :bFAO,c1992 a96 p.b: ilus aFAO. Capacitaciónv; 1914aPisciculturaxContabilidad.0 aWilliams, Colin.0 aFAO. Capacitaciónv; 19